LEADER 02540nam 2200601 a 450 001 9910454590903321 005 20200520144314.0 010 $a1-282-51996-4 010 $a9786612519963 010 $a0-8108-6319-7 035 $a(CKB)1000000000786532 035 $a(EBL)467197 035 $a(OCoLC)434052459 035 $a(SSID)ssj0000171659 035 $a(PQKBManifestationID)12037469 035 $a(PQKBTitleCode)TC0000171659 035 $a(PQKBWorkID)10151195 035 $a(PQKB)10358718 035 $a(MiAaPQ)EBC467197 035 $a(Au-PeEL)EBL467197 035 $a(CaPaEBR)ebr10364498 035 $a(CaONFJC)MIL251996 035 $a(EXLCZ)991000000000786532 100 $a20090316d2009 uy 0 101 0 $aeng 135 $aur|n|---||||| 181 $ctxt 182 $cc 183 $acr 200 10$aHistorical dictionary of modern Japanese literature and theater$b[electronic resource] /$fJ. Scott Miller 210 $aLanham, Md. $cScarecrow Press$d2009 215 $a1 online resource (234 p.) 225 1 $aHistorical dictionaries of literature and the arts ;$vno. 33 300 $aDescription based upon print version of record. 311 $a0-8108-5810-X 320 $aIncludes bibliographical references. 327 $aContents; Editor's Foreword; Acknowledgments; Reader's Note; Chronology; Introduction; The Dictionary; Bibliography; About the Author 330 $aHistorical Dictionary of Modern Japanese Literature and Theater presents a broad perspective on the development and history of literature_narrative, poetry, and drama_in modern Japan. It focuses specifically on the years since 1868, when Japan opened its doors to the West and underwent remarkable and swift changes as it sought to become a modern nation. It offers both a historical overview through its chronology, introduction, bibliography, and over 400 cross-referenced dictionary entries. 410 0$aHistorical dictionaries of literature and the arts ;$vno. 33. 606 $aJapanese literature$xHistory and criticism$vDictionaries 606 $aTheater$zJapan$vDictionaries 608 $aElectronic books. 615 0$aJapanese literature$xHistory and criticism 615 0$aTheater 676 $a895.6/09 700 $aMiller$b J. Scott$g(John Scott)$0934349 801 0$bMiAaPQ 801 1$bMiAaPQ 801 2$bMiAaPQ 906 $aBOOK 912 $a9910454590903321 996 $aHistorical dictionary of modern Japanese literature and theater$92103526 997 $aUNINA LEADER 01946nam 2200385 n 450 001 996386786103316 005 20221108033727.0 035 $a(CKB)1000000000617020 035 $a(EEBO)2240915215 035 $a(UnM)99848629 035 $a(EXLCZ)991000000000617020 100 $a19920114d1589 uy | 101 0 $aeng 135 $aurbn||||a|bb| 200 12$aA booke of Christian exercise, appertaining to resolution, that is, shewing howe that we shoulde resolue our selues to becom Christians indeed: By R.P. Perused and accompanied nowe with a Treatise tending to pacification. by Edmund Bunny$b[electronic resource] 210 $aAt London $cPrinted by I. Charlewood for Iohn Wight, and are to be sold at the great North dore of Paules$d1589 215 $a[50], 500 p 300 $aR.P. = Robert Parsons. 300 $a"A treatise tending to pacification .. By Edmund Bunny" has separate undated title page. 300 $aA Protestant adaptation, by Edmund Bunny, of: Parsons, Robert. The first booke of the Christian exercise. Parsons' work was revised and enlarged in 1585 as: A Christian directory. 300 $aReproduction of the original in the St. John's College (University of Cambridge). Library. 330 $aeebo-0203 606 $aChristian life$xProtestant authors$vEarly works to 1800 615 0$aChristian life$xProtestant authors 701 $aBunny$b Edmund$f1540-1619.$01002895 701 $aBunny$b Edmund$f1540-1619.$01002895 702 $aParsons$b Robert$f1546-1610.$4aut 801 0$bCu-RivES 801 1$bCu-RivES 801 2$bCStRLIN 801 2$bWaOLN 906 $aBOOK 912 $a996386786103316 996 $aA booke of Christian exercise, appertaining to resolution, that is, shewing howe that we shoulde resolue our selues to becom Christians indeed: By R.P. Perused and accompanied nowe with a Treatise tending to pacification. by Edmund Bunny$92335086 997 $aUNISA